| 000 | 00500 a2200169 4500 | ||
|---|---|---|---|
| 001 | 067047 | ||
| 003 | OSt | ||
| 005 | 20211026160824.0 | ||
| 008 | |||
| 082 |
_a005.133 _bQ44P |
||
| 100 | 1 | _aQuinn, Michael J. | |
| 245 | 1 |
_aParallel programming in C with MPI and openMP _cby Michael J. Quinn |
|
| 260 |
_aNew Delhi _bTata Mcgraw Hill _c2008 |
||
| 300 | _a529p. | ||
| 690 | _aParallel programming (Computer science); C (Computer program language) | ||
| 942 |
_2ddc _cBK |
||
| 999 |
_c1033 _d1033 |
||